000 00370 a2200169 4500
001 192527
020 _a978-85-16-10210-4
040 _cMagnum
100 _aManceau, Édouard
240 1 0 _aTchoc-tchoc, o camelo
_lpor
245 1 0 _aTchoc-tchoc, o camelo
300 _a18
362 0 _a2001
440 1 _aSalamandra
697 _aLITERATURA INFANTIL
942 _cBK
999 _c192527
_d192527